Closest Next Biggest Cities to San Francisco - Statistics

General Stats
  • This quiz has been taken 175 times
    69 since last reset
  • The average score is 6 of 9
Answer Stats
Minimum Pop. City Miles (km) % Correct
440,647 San Jose 25.5 (41.0)
92%
104,902 Oakland 2.6 (4.2)
86%
1,013,241 Los Angeles 316.4 (509.2)
84%
3,898,748 Mexico City 1,877 (3,021)
67%
9,209,945 Tokyo 5,107 (8,218)
59%
13,988,130 Beijing 5,816 (9,359)
57%
21,893,096 Shanghai 6,087 (9,796)
57%
1 Daly City 0 (0)
43%
24,870,896 Chongqing 6,567 (10,569)
16%
No matching quizzes found
Score Distribution
Percent of People with Each Score
Percentile by Number Answered
Your Score History
You have not taken this quiz since the last reset